Z pokladní sa stanú eKasy
Návrh novely zákona o povinnosti napojenia elektronickej registračnej pokladnice (ERP) na centrálny systém finančnej správy. Štát si od nového systému sľubuje zrýchlenie a zjednodušenie daňových kontrol. Základným predpokladom je internetové pripojenie. Výhody a nevýhody E-kasy. Trend: Retail 4.0, t...
Salvato in:
| Autore principale: | |
|---|---|
| Natura: | Capitolo di libro |
| Lingua: | slovacco |
| Soggetti: | |
| Tags: |
Nessun Tag, puoi essere il primo ad aggiungerne!!
|
MARC
| LEADER | 00000naa a2200000 4500 | ||
|---|---|---|---|
| 001 | 0248501 | ||
| 005 | 20200305092844.6 | ||
| 041 | 0 | |a slo | |
| 044 | |a CZ | ||
| 245 | 1 | 0 | |a Z pokladní sa stanú eKasy |c Tatiana Kapitánová |
| 520 | |a Návrh novely zákona o povinnosti napojenia elektronickej registračnej pokladnice (ERP) na centrálny systém finančnej správy. Štát si od nového systému sľubuje zrýchlenie a zjednodušenie daňových kontrol. Základným predpokladom je internetové pripojenie. Výhody a nevýhody E-kasy. Trend: Retail 4.0, teda moderné technológie, ktoré rúcajú bariéry pri nakupovaní. | ||
| 610 | 2 | 0 | |a pokladnice kontrolné |
| 610 | 2 | 0 | |a pokladnice registračné |
| 610 | 2 | 0 | |a tržby |
| 610 | 2 | 0 | |a technológie informačné |
| 610 | 2 | 0 | |a technológie nové |
| 610 | 2 | 0 | |a technológie komunikačné |
| 610 | 2 | 0 | |a maloobchod |
| 610 | 2 | 0 | |a elektronizácia |
| 100 | 1 | |a Kapitánová, Tatiana | |